Statistiques concernant Pays ayant des fjords

Cliquez ici pour prendre le quiz!

Statistiques générales

  • Ce quiz a été pris 3,414 fois
  • Le résultat moyen est 9 sur 11

Statistiques - réponses

Pays % Correct
Norvège
99%
Suède
97%
Russie
96%
Canada
95%
Danemark (Groenland)
92%
Islande
90%
Etats-Unis
89%
Royaume-Uni
72%
Irlande
67%
Chili
62%
Nouvelle-Zélande
46%

Distribution des résultats

Percentile par nombre de réponses

% des personnes avec chaque résultat

Votre développement - résultats

Vous n’avez pas pris ce quiz